Catalog

Record Details

Catalog Search



Moji stateční bratří  Cover Image Book Book

Moji stateční bratří / Howard Fast ; Z angl. orig. My Glorious Brothers ... přel. Stanislava Jílovská ; Dosl., pozn. a odb. úpr. Gustava Flussera

Summary:

Příběh pěti bratří Makabejských, jejich boj v čele lidového izraelského vojska proti cizím žoldnéřům, symbol statečného boje proti reakci. Oslava národního hrdinství v zápase za svobodu, nepřihlížející však kpolitickéasociál.problematice revoluce.

Record details

  • Physical Description: 369, [4] s. ; 8°
  • Edition: 1., autoris. vyd.
  • Publisher: Praha : Svoboda, 1950

Content descriptions

General Note:
Mapky
25000 výt.

Available copies

  • 1 of 1 copy available at Common Catalog SPOK.

Holds

  • 0 current holds with 1 total copy.
Show Only Available Copies
Location Call Number / Copy Notes Barcode Shelving Location Status Due Date
The Jewish community of Prague K 3607 4638301627 K - Beletrie Available -

Electronic resources

Version of Resource: Digitalizovaný dokument


LDR 01293nam a22002891 4500
00153362
003CZ-PrJAB
00519980814000000.0
008980814s1950 xr 1 cze
015 . ‡acnb000675948
035 . ‡a(CZ PrNK)bk195000575
035 . ‡a(OCoLC)56133537
040 . ‡aABA001 ‡bcze ‡cBOA001 ‡dABA001
0411 . ‡acze ‡heng
1001 . ‡aFast, Howard, ‡d1914-2003 ‡7jn19981001038 ‡4aut
24510. ‡aMoji stateční bratří / ‡cHoward Fast ; Z angl. orig. My Glorious Brothers ... přel. Stanislava Jílovská ; Dosl., pozn. a odb. úpr. Gustava Flussera
250 . ‡a1., autoris. vyd.
260 . ‡aPraha : ‡bSvoboda, ‡c1950 ‡e(Brno : ‡fRovnost I)
300 . ‡a369, [4] s. ; ‡c
4901 . ‡aLidová knihovna ; ‡vSv. 75
500 . ‡aMapky
500 . ‡a25000 výt.
520 . ‡aPříběh pěti bratří Makabejských, jejich boj v čele lidového izraelského vojska proti cizím žoldnéřům, symbol statečného boje proti reakci. Oslava národního hrdinství v zápase za svobodu, nepřihlížející však kpolitickéasociál.problematice revoluce.
830 0. ‡aLidová knihovna
85641. ‡uhttp://krameriusndk.nkp.cz/search/handle/uuid:1e1433e0-4062-11e3-ad8c-005056827e52 ‡yDigitalizovaný dokument
910 . ‡aABE461
964 . ‡aMakabejci - stol. 2. př. Kr. - romány
995 . ‡aska
901 . ‡a53362 ‡bAUTOGEN ‡c53362 ‡tbiblio

Additional Resources